| 000 | 00848nam a2200253 i 4500 | ||
|---|---|---|---|
| 001 | 15762 | ||
| 003 | ES-MaACL | ||
| 005 | 20250725232721.0 | ||
| 007 | t| | ||
| 008 | 000505s1996 xxkg |||| | spa d | ||
| 020 | _a1-855566-027-X | ||
| 080 | _a821.134.2-192"16"(082.2) | ||
| 080 | _a784.034(460) | ||
| 130 | 0 |
_aCancionero de Sablonara. _9119660 |
|
| 245 | 1 | 0 |
_aCancionero de la Sablonara _b: (edición crítica) / _cedición crítica, introducción y notas por Judith Etzion. |
| 260 |
_aLondon : _bTamesis Books, _c1996. |
||
| 300 |
_aCLXXII, 254 p. : _bmús. ; _c26 cm. |
||
| 650 | 4 |
_aPoesías españolas- _yS.XVI-XVII _916219 |
|
| 650 | 1 | 4 |
_aCanciones españolas- _yS.XVII. _910725 |
| 700 | 1 |
_aSablonara, Claudio de la. _9101209 |
|
| 700 | 1 |
_aEtzion, Judith. _948311 |
|
| 852 |
_aES-MaACL _jL-22917 |
||
| 999 |
_c15762 _d15762 |
||